000 00838nam a2200181Ia 4500
008 090630s9999 xx 000 0 und d
082 _b24795
100 _aअभ्यंकर रामकृष्ण विनायक.
245 _aमहाराष्ट्रातील शक्तिस्थाने.
_cअभ्यंकर रामकृष्ण विनायक.
260 _bआमोद - मुंबई.
300 _a0
600 _aअभ्यंकर रामकृष्ण विनायक.
630 _aमहाराष्ट्रातील शक्तिस्थाने.
655 _a---
700 _aअभ्यंकर रामकृष्ण विनायक.
730 _aमहाराष्ट्रातील शक्तिस्थाने.
942 _cBOOK
999 _c276651
_d276651